| 000 | 01367nam0a22002771 4500 | ||
|---|---|---|---|
| 001 | rc\2296181 | ||
| 005 | 20250623072700.0 | ||
| 035 | _a(NLR Aleph) 006666441 | ||
| 090 |
_a4947037 _c4947037 |
||
| 100 | _a20110829d1977 |||y0rusy50 ca | ||
| 101 | 0 | _arus | |
| 102 | _aRU | ||
| 105 | _ay z ||||| | ||
| 200 | 1 |
_aОсновы психосоматических отношений в клинике внутренних болезней. Психотерапия при стоматологических заболеваниях _eУчеб. пособие по терапии _fЮ.М. Губачев, С.С. Либих _gЛенингр. гос. ин-т усовершенствования врачей им. С.М. Кирова, Кафедра терапии |
|
| 210 |
_aЛенинград _cЛенингр. ин-т усовершенствования врачей _d1977 |
||
| 215 |
_a13 с. _d21 |
||
| 606 |
_aВнутренние болезни _xЭтиология и патогенез _xРоль нервной системы _2rkp |
||
| 700 | 1 |
_aГубачев _bЮ.М. _gЮрий Михайлович |
|
| 701 | 1 |
_aЛибих _bС.С. _gСергей Сергеевич |
|
| 801 | 0 |
_aRU _bNLR _gpsbo |
|
| 801 | 1 |
_aRU _bELAR _2rusmarc |
|
| 852 |
_aNLR _j77-6/7047 |
||
| 899 |
_aRuMoRGB _jБ 77-55/2330 |
||
| 899 |
_aRuMoRGB _jБ 77-55/2331 |
||
| 942 | _cBOOK | ||
| 980 | _aNB | ||